Quiz wiedzy ogólnej #12 - Statystyki

Ogólne statystyki
  • Ten quiz został rozwiązany 1 936 razy
    1 896 od ostatniego zresetowania
  • Średni wynik to 11 z 20
Statystyki odpowiedzi
Pytanie Odpowiedź % Poprawnych
Ile kotów aktualnie posiada Jarosław Kaczyński? 2
93%
Jaka jest stolica województwa zachodniopomorskiego? Szczecin
92%
Jakie imię w dowodzie posiada Maciek? Maciej
83%
Jakie jest rozwinięcie skrótu PSL? Polskie Stronnictwo Ludowe
81%
Największe miasto w Japonii ma nazwę zaczynającą się na literę O? Osaka
76%
Co oznaczają litery P.S. oznacza na końcu listu? Postscriptum
73%
Jak dawniej nazywał się Stambuł? Konstantynopol
72%
Z jakiego kraju pochodzi sauna? Finlandia
66%
Kto mieszkał w Camelocie? Król Artur
59%
Każda krawędź sześcianu ma 5 metrów. Jaka jest jego powierzchnia? 150 metrów kwadratowych
56%
Który grecki bóg ma syna o imieniu Tryton? Posejdon
54%
Która rzeka ma sześć płytkich obszarów zwanych „kataraktą”? Nil
51%
Jaka większa wojna toczyła się w latach 1950–1953? Wojna koreańska
44%
Co rzekomo zostało wynalezione przez Satoshi Nakamoto w 2008 roku i pierwotnie
sprzedany za mniej niż 1 cent?
Bitcoin
41%
A jak to się wcześniej nazywało? Bizancjum
37%
Obiekt w Wrocławiu wpisany na listę UNESCO w 2006 roku. Hala Stulecia
33%
Kto rzekomo powiedział „niech jedzą ciasto”? Maria Antonina
30%
Miasto śmierci Mikołaja Kopernika Frombork
28%
Kto zagrał Froda w trylogii filmowej „Władca Pierścieni”? Elijah Wood
24%
Który stan w USA jest geograficznie najbliżej Afryki? Maine
18%
Nie znaleziono quizów pasujących do podanych kryteriów
Rozkład punktacji
Procent ludzi z każdym wynikiem
Percentyl według liczby udzielonych odpowiedzi
Twoja historia wyników
Nie rozwiązałeś tego quizu od ostatniego zresetowania